Incentive compatibility constraints as an explanation for the use of prison sentences instead of fines /

Saved in:
Bibliographic Details
Main Author: Levitt, Steven D.
Format: Book
Language:English
Published: Cambridge, MA : Harvard Law School, [1996]
Series:Discussion paper (John M. Olin Center for Law, Economics, and Business) ; no. 187.
Subjects:
Tags: Add Tag
No Tags, Be the first to tag this record!
LEADER 00778nam a22002297a 4500
001 007735320-X
005 20020606104010.5
008 980313s1996 mau b 000|0 eng d
035 0 |a ocm38848284 
040 |a MH-L  |c MH-L 
050 1 4 |a KF209  |b .D57 no. 187 
100 1 |a Levitt, Steven D. 
245 1 0 |a Incentive compatibility constraints as an explanation for the use of prison sentences instead of fines /  |c Steven D. Levitt. 
260 |a Cambridge, MA :  |b Harvard Law School,  |c [1996] 
300 |a 24 p. ;  |c 29 cm. 
490 1 |a Discussion paper,  |x 1045-6333 ;  |v no. 187 
500 |a "6/96." 
650 0 |a Fines (Penalties) 
650 0 |a Imprisonment. 
830 0 |a Discussion paper (John M. Olin Center for Law, Economics, and Business) ;  |v no. 187. 
988 |a 20020608 
906 |0 MH